co robimy w łazience - Statystyki

Ogólne statystyki
  • Ten quiz został rozwiązany 263 razy
  • Średni wynik to 2 z 10
Statystyki odpowiedzi
Odpowiedź % Poprawnych
Myjemy się
92%
Myjemy zęby
72%
Sprzątamy
21%
Ubieramy się
18%
Wypróżniamy się
18%
Śpiewamy
8%
Czytamy Gazety
4%
Uprawiamy Sex
4%
Rozmawiamy przez telefon
3%
Chowamy się
2%
Nie znaleziono quizów pasujących do podanych kryteriów
Rozkład punktacji
Procent ludzi z każdym wynikiem
Percentyl według liczby udzielonych odpowiedzi
Twoja historia wyników
Nie rozwiązałeś tego quizu